Animated Locations Quiz Stats

 Plays Quiz Updated Mar 14, 2016

Challenge
Share
Tweet
Embed
Score 0/20 Timer 05:00
14 Plays Today
% Correct
SpongeBob SquarePants
97.6%
Batman: The Animated Series
97.2%
The Simpsons
93.1%
The Flintstones
92.1%
DuckTales
87.5%
Family Guy
78.1%
South Park
68.2%
Gravity Falls
67.3%
The Jetsons
67.1%
Futurama
65%
% Correct
King of the Hill
62.6%
The Fairly OddParents
53.2%
Adventure Time
44.5%
The Powerpuff Girls
41%
American Dad!
40.2%
The Cleveland Show
37.2%
The Adventures of Jimmy Neutron: Boy Genius
34.7%
A Pup Named Scooby-Doo
28.1%
Rocko's Modern Life
27.9%
Daria
23.3%

You're not logged in!

Compare scores with friends on all Sporcle quizzes.
OR
Log In

You Might Also Like...

Show Comments

Extras

Top Quizzes Today


Score Distribution

Your Account Isn't Verified!

In order to create a playlist on Sporcle, you need to verify the email address you used during registration. Go to your Sporcle Settings to finish the process.

Report this User

Report this user for behavior that violates our Community Guidelines.

Details: